Propiedad Industrial en Centroamérica /
Spremljeno u:
| Autori kompanije: | , |
|---|---|
| Format: | Tekst |
| Izdano: |
Guatemala:
SIECA. OEA. CTCAP
|
| Oznake: |
Dodaj oznaku
Bez oznaka, Budi prvi tko označuje ovaj zapis!
|
MARC
| LEADER | 00000 a a2200000 04500 | ||
|---|---|---|---|
| 001 | 21274 | ||
| 003 | |||
| 040 | |||
| 090 | |a 093203 | ||
| 110 | |a Secretaría Permanente del Tratado General de Integración Económica Centroamericana | ||
| 245 | |a Propiedad Industrial en Centroamérica / |c Secretaría Permanente del Tratado General de Integración Económica Centroamericana | ||
| 260 | |a Guatemala: |b SIECA. OEA. CTCAP | ||
| 300 | |a 532 p.; v. 3 | ||
| 710 | |a SIECA |a Organización de los Estados Americanos |a OEA |a Comisión para el Desarrollo Científico y Tecnológico de Centroamérica y Panamá |a CTCAP | ||
| 999 | |c 14927 |d 14927 | ||
